The forest certification handbook

Bibliographic Details
Main Author: Nussbaum, Ruth, , 1964-
Other Authors: Simula, Markku
Format: Book
Published: London : Earthscan , 2005.
Edition:2nd ed.
Series:Earthscan forestry library
Subjects:

MARC

LEADER 00000cam a2200000 7i4500
001 0000003397
005 20051214.0
020 0 0 |a 1844071235 (hbk.) 
090 0 0 |a 634.920218   |b NUS 
100 1 0 |a Nussbaum, Ruth, ,   |d 1964- 
245 1 0 |a The forest certification handbook   |c Ruth Nussbaum and Markku Simula. 
250 0 0 |a 2nd ed. 
260 0 0 |a London :   |b Earthscan ,   |c 2005. 
300 |a xiv, 300 p. :   |b ill. ;   |c 25 cm. 
490 0 0 |a Earthscan forestry library 
500 0 0 |a Previous ed : 1995. 
650 0 0 |a Forest management   |x Standards   |x Handbooks, manuals, etc. 
650 0 0 |a Forest products   |x Certification   |x Handbooks, manuals, etc. 
650 0 0 |a Sustainable forestry   |x Handbooks, manuals, etc. 
700 1 1 |a Simula, Markku. 
999 |a 0000006211   |b Monograph   |c Open Shelf   |e Default branch